000 00536nam a2200205Ia 4500
003 OSt
005 20221007070226.0
006 a|||||r|||| 00| 0
007 ta
008 221006b |||||||| |||| 00| 0 eng d
024 _a19,089
037 _cTextual
040 _aFLL
_cFLL
_beng
041 _2eng
_aeng
082 _aZ,2674g, L9
245 0 _aCopyright law survey
260 _aGeneva
_bWorld intellectual property organization Geneva
_c1979
942 _hZ,2674g, L9
_cTEXL
_2CC
999 _c1139876
_d1139876